00608 a2200181 4500003000400000005001700004008004100021020001800062040000900080082001900089100003300108245004900141260003900190300000800229942004400237952012800281999001700409OSt20231218134422.0231218b |||||||| |||| 00| 0 eng d a9788181438249 coclc a891.432bBAB/O aBabbar, Nadira Zaheer910167 aOPERATION CLOUDBURST /cNadira Zaheer Babbar aNew Delhi:bVani Prakashan,c2008. a62p 2ddccBKh891.432iBAB/Ok891.432mBAB/O 00102ddc40708DRAaMESbMEScHINd2023-12-18l0o891.432 BAB/Op43102r2023-12-18 13:45:14v95.00w2023-12-18yBKzGR6R5 c43468d43468